000 00864 a2200265 4500
003 CBULib
005 20240126091323.0
008 240122b |||||||| |||| 00| 0 eng d
040 _aCBULib
_bEng
_cCBULib
_dCBULib
_erda
041 _aeng
050 _aCBU-PGTHESIS/BAN
100 _aBanda, Japhet
_92136
245 _aAn assessment of the relationship between financial incentives and workers morale in Kabwe
_c/ by Japhet Banda
260 _bCopperbelt University,
_c2023
_aKitwe :
300 _a46pages : illustrations
336 _2rdacontent
_aText |
_btxt
337 _2rdamedia
_aUnmediated |
_bn
338 _2rdacarrier
_aVolume
_bnc
500 _aincludes bibliographical references
650 0 _92137
_aFINANCIAL INCENTIVES
650 0 _92138
_aWORKERS' MORALE
650 0 _92139
_aBANK WORKERS
650 0 _92140
_aKABWE DISTRICT
942 _2mc
_c030
999 _c84204
_d84204